| 000 | 00624nam a22002177a 4500 | ||
|---|---|---|---|
| 999 |
_c5785 _d5785 |
||
| 003 | AR-CdUCM | ||
| 008 | 190313b ||||| |||| 00| 0 spa d | ||
| 040 |
_aMUNICIPALIDAD PROVINCIAL DEL CUSCO _cBIBLIOTECA MUNICIPAL DEL CUSCO |
||
| 082 |
_a869.56 / _bA66 |
||
| 100 |
_aAramayo, Omar _917181 |
||
| 245 | _aAntigua canción / | ||
| 260 |
_aLima : _bEdit. Miranda, |
||
| 300 | _c27 cm. | ||
| 500 |
_aDonación familia Nieto _aLibro sin numeración |
||
| 505 | _aContenido :Poesías / | ||
| 650 |
_aLiteratura peruana _9169 |
||
| 650 |
_aPoesías _92272 |
||
| 650 |
_aSiglo XX _98 |
||
| 942 |
_2ddc _cLIBROS |
||
| 945 | _arjall | ||